|
|
|
|
| LEADER |
02064pam a22005057a 4500 |
| 001 |
AALTaylor&Francisebook000030 |
| 003 |
BD-DhAAL |
| 005 |
20230911114613.0 |
| 006 |
m||||||||d|||||||| |
| 007 |
cr|||||||||||| |
| 008 |
220110r20132006enka\\\\ob\\\\001\0\eng\d |
| 010 |
|
|
|a 2005051529
|
| 020 |
|
|
|a 9780582505759 (pbk)
|
| 020 |
|
|
|a 9781315836218
|
| 020 |
|
|
|a 9781317870180
|
| 020 |
|
|
|a a9781317870197
|
| 020 |
|
|
|a 9781138437739
|
| 035 |
|
|
|a (OCoLC)ocm61229811
|
| 035 |
|
|
|a (OCoLC)897462648
|
| 040 |
|
|
|a DLC
|c DLC
|d YDX
|d BAKER
|d MUQ
|d BTCTA
|d YDXCP
|d DLC
|d BD-DhAAL
|
| 042 |
|
|
|a pcc
|
| 050 |
0 |
0 |
|a P37
|b .S77 2006
|
| 082 |
0 |
0 |
|a 401.9
|2 22
|
| 100 |
1 |
|
|a Steinberg, Danny D.
|9 44623
|
| 245 |
1 |
3 |
|a An introduction to psycholinguistics
|h [electronic resource] /
|c Danny D. Steinberg and Natalia V. Sciarini.
|
| 250 |
|
|
|a Second edition.
|
| 260 |
|
|
|a Oxon [England] :
|b Routledge,
|c c2013.
|
| 300 |
|
|
|a 1 online resource (xvii, 306 pages)
|
| 490 |
0 |
|
|a Learning about language
|
| 500 |
|
|
|a <strong>Off-Campus Access:</strong> Athens ID and Password Required
|
| 500 |
|
|
|a <strong>On-Campus Access:</strong> No User ID or Password Required
|
| 500 |
|
|
|a Access type: Perpetual access
|
| 504 |
|
|
|a Includes bibliographical references (p. 263-293) and indexes.
|
| 526 |
|
|
|a ENH
|x Dr. Asifa Sultana,
Associate Professor
|
| 538 |
|
|
|a Mode of access: Internet
|
| 541 |
|
|
|a Taylor & Francis
|h USD 208.25
|
| 650 |
|
0 |
|a Psycholinguistics.
|9 44624
|
| 650 |
|
0 |
|a English Language.
|9 44881
|
| 655 |
|
|
|a Electronic books.
|
| 700 |
1 |
|
|a Sciarini, Natalia V.
|9 44626
|
| 852 |
|
|
|a Ayesha Abed Library
|
| 856 |
|
|
|z Full text available on Taylor & Francis
|u https://www.taylorfrancis.com/books/9781315836218
|
| 942 |
|
|
|2 ddc
|c EBK
|
| 999 |
|
|
|c 43421
|d 43421
|
| 952 |
|
|
|0 0
|1 0
|2 ddc
|4 0
|6 401_900000000000000_STE
|7 0
|9 69687
|a BRACUL
|b BRACUL
|d 2022-01-10
|e Taylor & Francis
|g 17870.51
|l 0
|o 401.9 STE
|r 2022-01-10
|t 1
|w 2022-01-10
|y EBK
|x As discussed with Acquisition team, according to invoice date (23.12.2021) of the e-book, converted USD 208.25 to BDT 17,870.51.
|